| 000 | 00413nam a2200181Ia 4500 | ||
|---|---|---|---|
| 008 | 221030s9999 xx 000 0 und d | ||
| 020 | _a8177580345 | ||
| 041 | _aEnglish | ||
| 082 |
_a105.23 _bAtk |
||
| 100 | _aA. A Atkinson | ||
| 245 | 0 | _aManagement Accounting | |
| 250 | _a4th | ||
| 260 |
_bPearson Education _aDelhi _c2006 |
||
| 300 | _a598 | ||
| 650 | _aManagement | ||
| 700 | _aR.S Kaplan | ||
| 942 | _cBK | ||
| 999 |
_c144 _d144 |
||